| 000 | 00455nam a22001457a 4500 | ||
|---|---|---|---|
| 005 | 20250123113224.0 | ||
| 008 | 250123b |||||||| |||| 00| 0 eng d | ||
| 020 | _a9788185386430 | ||
| 050 | _aRA761 WOR | ||
| 110 | _aWorld Health Organization | ||
| 245 |
_aA Manual on Infection Control in Health Facilities/ _cWorld Health Organization |
||
| 260 |
_aDelhi _bA.I.T.B.S. Publishers & Distributors _c2004 |
||
| 300 |
_a152p. _bill. _c24cm |
||
| 942 |
_2lcc _cBK _n0 |
||
| 999 |
_c2905 _d2905 |
||